000 00504nam a2200193Ia 4500
008 240509s9999 xx 000 0 und d
020 _a0000876924968
041 _aEng
082 _a370
082 _bH16
100 _aHARPER, A. E. & HARPER , E.S.
245 0 _aPREPARING OBJECTIVE EXAMINATIONS:A HANDBOOK FOR TEACHERS, STUDENTS AND EXAMINERS
260 _bNEWDELHI : PRINTICE HALL
260 _c1990
300 _a510 p.
650 _aTEACHING : EDUCATION
942 _2ddc
942 _cRBK
999 _c23023
_d23023
945 _a1
_bMadushi Gamage
_c1
_dMadushi Gamage